000 00393nam a22001457a 4500
003 OSt
005 20160727222403.0
008 160623b xxu||||| |||| 00| 0 eng d
040 _cTEST
100 _9764
_aHalf, R
245 _aThe R.H.way to get Hired in Todays Job Market
260 _aNEW YORK
_bBANTOM BOOKS
_c1983
300 _aThe R.H.way to get Hired in Todays Job Market
942 _2ddc
_cBK
999 _c612
_d612